000 00775nam a22002657a 4500
999 _c346821
_d346821
001 61081
003 UA-OsUOA
005 20230504161302.0
007 ta
008 20090616b un ||||| |||| 00| 0 ukr d
020 _a9663462418
040 _aUA-OsUOA
_bukr
_cUA-OsUOA
_dUA-OsUOA
041 _aukr
080 _a004.738.5
090 _a004.738.5
_bП38
100 _aПлескач В. П.
245 _aЕлектронна комерція
_bпідручник
260 _aК.
_bЗнання
_c2007
300 _a535 с.
650 7 _a00 Загальні питання науки і культури
_2UDC
700 _aЗатоцька Т. Г.
942 _cBK
_2udc
955 _a2